000 00605nam a2200229Ia 4500
003 OSt
005 20231118102819.0
008 210324s9999||||xx |||||||||||||| ||und||
040 _cSTCPL
041 _aENG
082 _a515.43
_bRAL-T
100 _aHenstock, Ralph
245 0 _aTheory of integration /
_cby Ralph Henstock
260 _aLondon :
_bButterworths and Co. Ltd ,
_c1963 .
300 _a168 p.
_bHB
490 _aButterworths mathematical texts / edited by P. T. Landsberg
650 _aMathematics
650 _aIntegral
650 _aDifferentiation
942 _cBK
942 _2ddc
999 _c10482
_d10482